Biblioteca

El hombre como varón y hembra / Paul K. Jewett ; Ernesto Suárez Vilela, Traductor (Registro nro. 32610)

Detalles MARC
000 -LÍDER
Campo fijo de descripción fija 014270000a22002050004500
041 0# - CÓDIGO DE IDIOMA
Código de idioma para texto/pista de sonido o título separado
082 04 - NÚMERO DE CLASIFICACIÓN DECIMAL DEWEY
Número de clasificación G 173.3 J592h
001 - NÚMERO DE CONTROL
Campo de control 1287
100 1# - ASIENTO PRINCIPAL--NOMBRE PERSONAL
Nombre personal Jewett, Paul K. (King)
245 10 - TÍTULO
Título del Material El hombre como varón y hembra / Paul K. Jewett ; Ernesto Suárez Vilela, Traductor
260 ## - PUBLICACIÓN, DISTRIBUCIÓN, ETC. (PIE DE IMPRENTA)
Lugar de publicación, distribución, etc. Miami, FL., USA : Caribe
300 ## - DESCRIPCIÓN FÍSICA
Extensión 205 Pag.
336 ## - CONTENT TYPE
Content type term texto
Content type code txt
Source rdacontent
337 ## - MEDIA TYPE
Source rdamedia
Media type term sin mediación
Media type code n
338 ## - CARRIER TYPE
Source rdacarrier
Carrier type term volumen
Carrier type code nc
500 ## - NOTA GENERAL
Nota General Título original : Man as male and female
505 00 - NOTA DE CONTENIDO
Nota de contenido con formato preestablecido las opciones teológicas -- un resumen de declaraciones -- el ideal andrógino -- el enfoque tradicional que incluye la sexualidad humana bajo el matrimonio -- el enfoque que basa la sexualidad humana en la imago Dei -- el hombre y la mujer en la teología de Barth: una evaluación -- la relación entre el hombre y la mujer -- un examen de los textos del nuevo testamento sobre las cuales se basa el enfoque jerárquico de la relación hombre/mujer en la teología cristiana -- elaboración y defensa del enfoque jerárquico -- las mujeres en el antiguo testamento y en el judaísmo -- Jesús y las mujeres -- el argumento paulino reconsiderado -- un análisis del segundo relato de la creación -- el rechazó del enfoque jerárquico de la relación hombre/mujer en favor de una asociación
650 14 - ASIENTO SECUNDARIO DE MATERIA - TERMINO TEMÁTICO
Término temático o nombre geográfico como elemento de entrada SEXO - ASPECTOS RELIGIOSOS - CRISTIANISMO \ MUJERES - ENSEÑANZA BIBLICA
942 ## - TIPO DE MATERIAL (KOHA)
Tipo de Item KOHA Libros General
Existencias
Estado de Material Estado de Perdido Estado de Dañado No para Préstamo Colección Tomo Biblioteca de Origen Biblioteca Permanente Fecha de Adquisición Total de Préstamos Signatura Topográfica Código de Barras Última vez visto Última vez Préstado Ejemplar/Existencia Fecha de Remplazo Tipo de Material
        Colección General   Biblioteca FUSBC Biblioteca FUSBC 12/10/2004 4 G 173.3 J592h 7293 14/11/2024 01/11/2024 1 26/01/2016 Libros General

Biblioteca FUSBC | Teléfono: (57+4) 349 88 10 Ext. 141| WhatsApp (+57) 3005338115 
E-mail: biblioteca@unisbc.edu.co | Calle 76 87-14 Robledo Palenque, Medellín, Colombia

Con tecnología Koha